000 00208 a2200109 4500
020 _a0395512417
041 _aspa
100 _aRamos, German
245 _aEl robo de las Aes
942 _cBK
999 _c29690
_d29688
999 _d29688